000 00550nam a22002177a 4500
003 UA-OsUOA
001 89325
007 ta
008 20121105b un ||||| |||| 00| 0 ukr d
090 _a821.161.2
_bД 37
942 _cBK
040 _aUA-OsUOA
_bukr
_cUA-OsUOA
_dUA-OsUOA
245 _aДесять українських прозаїків
_cВ'ячеслава Медвідя
300 _a162 с.
955 _a3
041 _aukr
080 _a821.161.2
260 _aК.
_bРоккард
_c1995
650 7 _2UDC
999 _c375598
_d375598